| 000 | 00364nam a2200133Ia 4500 | ||
|---|---|---|---|
| 005 | 20260326235444.0 | ||
| 008 | 260326s9999||||xx |||||||||||||| ||und|| | ||
| 100 | _aBerg Costa, Lorenzo | ||
| 245 | 0 |
_aRestauración de Iglesias de Chiloé / _cLorenzo Berg Costa |
|
| 260 | _bUniversitaria | ||
| 300 | _a143 p. | ||
| 650 | _aRESTAURACIÓN Y CONSERVACIÓN | ||
| 942 | _cBK | ||
| 999 |
_c7525 _d7525 |
||